[Event "Memorial Perezzani torneo A"]
[Site "?"]
[Date "2018.04.15"]
[Round "4.10"]
[White "Gonzales, Guillermo"]
[Black "Litrico, Paolo"]
[Result "1/2-1/2"]
[WhiteElo "1911"]
[BlackElo "1880"]
[PlyCount "134"]
[EventDate "2018.??.??"]

1. e4 e5 2. Bc4 Nf6 3. d3 Bc5 4. Nc3 h6 5. f4 d6 6. Nf3 Qe7 7. Qe2 c6 8. Be3
Bxe3 9. Qxe3 Nbd7 10. O-O b5 11. Bb3 Nc5 12. fxe5 dxe5 13. d4 Nxb3 14. axb3
exd4 15. Qxd4 O-O 16. e5 Nh7 17. Ne4 a5 18. b4 a4 19. Rfd1 Bf5 20. c3 f6 21.
Nc5 Rad8 22. exf6 Nxf6 23. Qe5 Qxe5 24. Nxe5 Bg4 25. Rxd8 Rxd8 26. Nxc6 Rd2 27.
b3 Nd5 28. bxa4 Ne3 29. Ne5 Rxg2+ 30. Kh1 bxa4 31. Rxa4 Rc2 32. Ra8+ Kh7 33.
Ra1 Rxc3 34. Nxg4 Nxg4 35. Rb1 Ne3 36. Ne4 Rc4 37. Nf2 Nd5 38. b5 Rf4 39. Kg1
Rf6 40. Ne4 Rb6 41. Rb3 Kg8 42. Kf2 Kf8 43. Ke2 Ke7 44. Kd3 Nc7 45. Kc4 Nxb5
46. Rxb5 Rg6 47. Rb7+ Kf8 48. Ng3 Rg5 49. Rd7 Ke8 50. Rd5 Rg4+ 51. Rd4 Rg6 52.
Kd5 Kd7 53. Ke5+ Ke7 54. Nf5+ Ke8 55. h4 Rg1 56. h5 Re1+ 57. Re4 Rg1 58. Ke6
Kd8 59. Kf7 Rg5 60. Nxg7 Kd7 61. Kf6 Kd6 62. Re6+ Kd7 63. Nf5 Rxh5 64. Re7+ Kd8
65. Re8+ Kxe8 66. Ng7+ Kd7 67. Nxh5 Kd6 1/2-1/2

[Event "Memorial Perezzani torneo A"]
[Site "?"]
[Date "2018.04.15"]
[Round "4.11"]
[White "Goldoni, Claudio"]
[Black "Peloni, Davide"]
[Result "1/2-1/2"]
[WhiteElo "1943"]
[BlackElo "1843"]
[PlyCount "94"]
[EventDate "2018.??.??"]

1. e4 c6 2. d4 d5 3. Nd2 dxe4 4. Nxe4 Nd7 5. Nf3 Ngf6 6. Ng3 Nb6 7. h3 e6 8.
Bd3 Bd6 9. Ne5 Qc7 10. Qe2 Nbd5 11. a3 c5 12. c3 O-O 13. O-O a6 14. Bg5 Nd7 15.
Rfe1 Nxe5 16. dxe5 Be7 17. Bd2 b5 18. f4 g6 19. Rad1 Rd8 20. Bb1 Bf8 21. h4 Bb7
22. h5 Ne7 23. Qg4 Qc8 24. hxg6 hxg6 25. Be3 Rxd1 26. Rxd1 Nf5 27. Nxf5 exf5
28. Qg3 Be4 29. Bxe4 fxe4 30. Qf2 Qc6 31. g4 Re8 32. Kg2 g5 33. fxg5 Qe6 34.
Kh3 Qxe5 35. Rd7 Qe6 36. Qf5 Bd6 37. Ra7 Bf8 38. Rd7 Bd6 39. Ra7 Bf8 40. Qxe6
Rxe6 41. Ra8 Kg7 42. Kg2 Be7 43. Kg3 Kg6 44. Rg8+ Kh7 45. Ra8 Kg6 46. Rg8+ Kh7
47. Ra8 Kg6 1/2-1/2

[Event "Memorial Perezzani torneo A"]
[Site "?"]
[Date "2018.04.15"]
[Round "5.4"]
[White "Oppici, Gabriele"]
[Black "Mastroddi, Emiliano"]
[Result "1/2-1/2"]
[WhiteElo "1955"]
[BlackElo "1966"]
[PlyCount "20"]
[EventDate "2018.??.??"]

1. d4 d5 2. Nf3 Nf6 3. Bf4 c5 4. e3 Nc6 5. c3 Qb6 6. Qc1 Bf5 7. Nbd2 e6 8. Nh4
Nh5 9. Nxf5 Nxf4 10. Ng3 Ng6 1/2-1/2

[Event "Memorial Perezzani torneo A"]
[Site "?"]
[Date "2018.04.15"]
[Round "5.5"]
[White "Cappelletto, Joshuaede"]
[Black "Bordignon, Angelo"]
[Result "1/2-1/2"]
[WhiteElo "1822"]
[BlackElo "1992"]
[PlyCount "133"]
[EventDate "2018.??.??"]

1. Nc3 g6 2. h4 Nf6 3. e4 d6 4. d4 c6 5. Be2 h5 6. Bg5 Nbd7 7. Qd2 Qc7 8. Nh3
Bg7 9. f3 a6 10. Nf2 b5 11. Nd3 a5 12. a3 Nb6 13. b3 Nfd7 14. Be3 Nf6 15. Nf4
Nfd7 16. Nh3 Nb8 17. Rd1 Bxh3 18. Rxh3 N8d7 19. Kf1 Kf8 20. Bd3 Kg8 21. Ne2 e5
22. c3 Nf6 23. Bb1 a4 24. dxe5 dxe5 25. Qd6 Qb7 26. Bxb6 Qxb6 27. b4 Kh7 28.
Qd2 Rhd8 29. Qc1 Bh6 30. Qc2 Rxd1+ 31. Qxd1 Rd8 32. Qe1 Rd7 33. g3 Qd8 34. Bc2
Rd2 35. Qb1 Qb6 36. Rh2 Qe3 37. Rf2 Qb6 38. Rg2 Be3 39. Nc1 Qd8 40. Nd3 Rxg2
41. Kxg2 Nd7 42. Qd1 Qe7 43. Qe2 Ba7 44. Bb1 Qd8 45. Ba2 Kg7 46. Nf2 Qb6 47.
Nh3 Qe3 48. Qxe3 Bxe3 49. Nf2 Bc1 50. Nd3 Bxa3 51. f4 exf4 52. gxf4 Nb6 53. Kf3
f5 54. e5 Nc4 55. Ke2 Nb6 56. Kd2 Kf8 57. Kc2 Ke7 58. Nc5 Nd7 59. Nxd7 Kxd7 60.
Bf7 c5 61. Bxg6 cxb4 62. Bxf5+ Ke7 63. cxb4 Bxb4 64. Bg6 Be1 65. Bxh5 Bxh4 66.
Be2 Bg3 67. Bxb5 1/2-1/2

[Event "Memorial Perezzani torneo A"]
[Site "?"]
[Date "2018.04.15"]
[Round "5.7"]
[White "Pasin, Mattia"]
[Black "Malni, Riccardo"]
[Result "0-1"]
[WhiteElo "1790"]
[BlackElo "1945"]
[PlyCount "76"]
[EventDate "2018.??.??"]

1. d4 Nf6 2. c4 e6 3. Nc3 Bb4 4. Bd2 Qe7 5. Nf3 O-O 6. e3 c5 7. a3 Bxc3 8. Bxc3
Ne4 9. Bd3 Nxc3 10. bxc3 Nc6 11. d5 Na5 12. e4 e5 13. O-O d6 14. Qc2 h6 15. Nd2
g5 16. Rfe1 b6 17. Re3 Bd7 18. Qd1 f6 19. Qh5 Kg7 20. Rf1 Qf7 21. Qf3 Qg6 22.
Qg3 Rf7 23. h4 Rh8 24. Be2 h5 25. Bd1 Kf8 26. f4 exf4 27. Rxf4 Rg8 28. hxg5
Qxg5 29. Qxg5 Rxg5 30. Rh4 Rfg7 31. g3 Rxg3+ 32. Kf2 Rg2+ 33. Ke1 Rg1+ 34. Nf1
Nxc4 35. Rf3 Ke7 36. Rxh5 Bg4 37. Ba4 Bxf3 38. Rh8 f5 0-1

[Event "Memorial Perezzani torneo A"]
[Site "?"]
[Date "2018.04.15"]
[Round "5.8"]
[White "Marin, Alessandro"]
[Black "Gonzales, Guillermo"]
[Result "1-0"]
[WhiteElo "1993"]
[BlackElo "1911"]
[PlyCount "47"]
[EventDate "2018.??.??"]

1. e4 Nf6 2. d3 d5 3. Nd2 Nc6 4. Ngf3 Bg4 5. Be2 e6 6. e5 Bxf3 7. Nxf3 Nd7 8.
d4 h6 9. O-O g5 10. Ne1 Qe7 11. c3 O-O-O 12. b4 Bg7 13. a4 Rdg8 14. a5 f5 15.
b5 Ncxe5 16. dxe5 Bxe5 17. Ba3 Qf6 18. b6 a6 19. bxc7 Bxc3 20. Rb1 Bxa5 21. Qb3
b6 22. Bxa6+ Kxc7 23. Rc1+ Kd8 24. Rc8# 1-0

[Event "Memorial Perezzani torneo A"]
[Site "?"]
[Date "2018.04.15"]
[Round "5.9"]
[White "Litrico, Paolo"]
[Black "Ghiotto, Marco Luigi"]
[Result "1/2-1/2"]
[WhiteElo "1880"]
[BlackElo "1943"]
[PlyCount "120"]
[EventDate "2018.??.??"]

1. d4 d5 2. Bf4 Nf6 3. e3 e6 4. Nf3 c5 5. c3 Nc6 6. Ne5 Be7 7. Nd2 O-O 8. Bd3
Nxe5 9. dxe5 Nd7 10. Qh5 g6 11. Qh3 Qb6 12. Rb1 f6 13. Nf3 fxe5 14. Nxe5 Nxe5
15. Bxe5 Bf6 16. Qg3 Bxe5 17. Qxe5 Bd7 18. O-O Rae8 19. b4 c4 20. Bc2 Qa6 21.
a4 Bxa4 22. Ra1 b5 23. h4 Qc6 24. Bb1 Qd7 25. h5 Qg7 26. Qh2 g5 27. Ra3 Rf6 28.
e4 Ref8 29. Qd6 Qf7 30. Ra2 g4 31. Rd2 Qxh5 32. exd5 e5 33. Qd7 Rf4 34. Qe6+
Kh8 35. Re2 Re8 36. Qd7 g3 37. fxg3 Rxf1+ 38. Kxf1 Rf8+ 39. Kg1 Qh6 40. Re1
Qb6+ 41. Kh2 Qh6+ 42. Qh3 Qxh3+ 43. Kxh3 Re8 44. Re4 Kg7 45. Re1 Kf6 46. g4 h6
47. Kh4 a5 48. bxa5 Ra8 49. Rf1+ Ke7 50. a6 Rxa6 51. Rf5 Rf6 52. Rxe5+ Kd6 53.
Rf5 Rg6 54. Kh5 Rg8 55. Kxh6 Rxg4 56. Rg5 Rxg5 57. Kxg5 Kxd5 58. Kf5 Bd1 59. g4
Bxg4+ 60. Kxg4 Kc5 1/2-1/2

[Event "Memorial Perezzani torneo A"]
[Site "?"]
[Date "2018.04.15"]
[Round "5.10"]
[White "Peloni, Davide"]
[Black "Ferrara, Pietro"]
[Result "0-1"]
[WhiteElo "1843"]
[BlackElo "1886"]
[PlyCount "58"]
[EventDate "2018.??.??"]

1. e4 e5 2. d4 exd4 3. Nf3 Nc6 4. c3 dxc3 5. Nxc3 Bb4 6. Bc4 h6 7. O-O Bxc3 8.
bxc3 d6 9. Qc2 Nf6 10. Ba3 Ng4 11. Rad1 O-O 12. Bb3 Be6 13. h3 Nge5 14. Nxe5
Nxe5 15. Bxe6 fxe6 16. Qb3 Qg5 17. Qxb7 Nf3+ 18. Kh1 Qf4 19. gxf3 Qxf3+ 20. Kh2
Qf4+ 21. Kg1 Qg5+ 22. Kh1 Rf3 23. Qxa8+ Kh7 24. Rd3 Rxd3 25. f3 Rd2 26. Rg1 Qh4
27. Rg4 Qxh3+ 28. Kg1 Qh2+ 29. Kf1 Qf2# 0-1

[Event "Memorial Perezzani torneo A"]
[Site "?"]
[Date "2018.04.15"]
[Round "5.11"]
[White "Goldoni, Claudio"]
[Black "Giuriato, Sergio"]
[Result "0-1"]
[WhiteElo "1943"]
[BlackElo "1908"]
[PlyCount "87"]
[EventDate "2018.??.??"]

1. e4 Nc6 2. Nc3 e5 3. Nf3 Nf6 4. Bb5 d6 5. d4 exd4 6. Nxd4 Bd7 7. Nxc6 bxc6 8.
Bc4 Be7 9. O-O O-O 10. Bf4 Be6 11. Qe2 Qc8 12. Rad1 Ng4 13. Bb3 Bf6 14. Bd2 Re8
15. h3 Nh6 16. Qh5 Bxb3 17. axb3 Re5 18. Qe2 Re6 19. Qc4 Qb7 20. Rfe1 Bxc3 21.
Bxc3 Qb5 22. Qd4 Rg6 23. e5 Qb6 24. Qf4 d5 25. Re2 Qb8 26. Rde1 Qc8 27. Kh2 c5
28. g4 Qd8 29. f3 Qh4 30. Rd1 c6 31. Be1 Qe7 32. Bd2 f5 33. g5 Nf7 34. h4 Re6
35. Qxf5 Nxe5 36. Kg2 Rf8 37. Qh3 Rxf3 38. Qh2 Qf7 39. Rde1 h5 40. gxh6 gxh6
41. Bxh6 Rxh6 42. Rxe5 Rg6+ 43. Rg5 Rxg5+ 44. hxg5 0-1